000
00336nam a22001457a 4500
008
221013b ||||| |||| 00| 0 eng d
020
_a
0801601045
041
_a
eng
080
_2
VOLUME XXXV
_a
617
082
_a
617 AND
100
_a
15.1
101
_a
ORTO
245
_a
INSTRUCTIONAL COURSE LECTURES
_c
ANDERSON L
942
_2
udc
_c
BK
999
_c
58546
_d
58546